Pokemon - Equipe des dresseurs clés - Johto - Statistiques

Statistiques générales
  • Ce quiz a été pris 108 fois
  • Le résultat moyen est 104 sur 131
Statistiques - réponses
Dresseur Pokemon % Correct
Albert (Or) Roucool
100%
Roucoups
100%
Roucarnage
98%
Dracaufeu
96%
Steelix
96%
Ecremeuh
93%
Ectoplasma
93%
Mortimer (Or) | Silver (Ecorcia - Or) Fantominus
93%
Aldo (Or) Onix
93%
Spectrum
93%
Cochignon
91%
Sandra (Or) Draco
91%
Dracolosse
91%
Sandra (Soulsilver) Leviator
91%
Hector (Or) Chrysacier
89%
Coconfort
89%
Demolosse
89%
Insecateur
89%
Jasmine (Or) Magneti
89%
Nostenfer
89%
Sandra (Soulsilver - Revanche) Ptera
89%
Smogo
89%
Lambda (Tour Radio) | Lance (Tour Radio - Soulsilver) Smogogo
89%
Tygnon
89%
Aligatueur
87%
Chuck (Or) Colossinge
87%
Germignon
87%
Grotadmorv
87%
Hyporoi
87%
Kapoera
87%
Kicklee
87%
Lamantine
87%
Macronium
87%
Blanche (Or) Melofee
87%
Noctali
87%
Tartard
87%
Typhlosion
87%
Clément (Or) Xatu
87%
Crocrodil
85%
Feurisson
85%
Flagadoss
85%
Silver (Ville Griotte - Or) Hericendre
85%
Kaiminus
85%
Mackogneur
85%
Silver (Route Victoire - Or) Magneton
85%
Jasmine (Soulsilver - Revanche) Magnezone
85%
Meganium
85%
Lance (Tour Radio - Or) | Silver (Souterrain) Nosferalto
85%
Fredo (Or) Otaria
85%
Alakazam
83%
Hector (Soulsilver - Revanche) Cizayox
83%
Cornebre
83%
Koga (Or) Migalos
83%
Foretress
80%
Lippoutou
80%
Lucario
80%
Melodelfe
80%
Lambda (Repaire Rocket Acajou) | Lance (Puit Ramoloss (Soulsilver) Nosferapti
80%
Rafflesia
80%
Aeromite
78%
Peter (Soulsilver - Revanche) Drattak
78%
Magireve
78%
Fredo (Soulsilver - Revanche) Mammochon
78%
Noarfang
78%
Scarhino
78%
Airmure
76%
Altaria
76%
Farfuret
76%
Amos (Tour radio) Malosse
76%
Noctunoir
76%
Ariane (Repaire Rocket Acajou) Arbok
74%
Corboss
74%
Noadkoko
74%
Archeodong
72%
Chuck (Soulsilver - Revanche) Charmina
72%
Marion (Soulsilver - Revanche) Dimoret
72%
Aldo (Soulsilver - Revanche) Hariyama
72%
Carchacrok
70%
Kadabra
70%
Apireine
67%
Albert (Soulsilver - Revanche) Etouraptor
67%
Scarabrute
67%
Blizzaroi
65%
Gardevoir
65%
Heledelle
65%
Kaimorse
65%
Spiritomb
65%
Chapignon
63%
Metalosse
63%
Momartik
63%
Oniglali
63%
Yanmega
63%
Blanche (Soulsilver - Revanche) Girafarig
61%
Tenefix
61%
Koga (soulsilver - Revanche) Avaltout
57%
Bekipan
57%
Mortimer (Soulsilver - Revanche) Grodrive
57%
Rattatac
57%
Absol
54%
Coudlangue
54%
Ortide
54%
Coatox
52%
Castorno
48%
Moufflair
48%
Groret
46%
Munja
46%
Pingoleon
46%
Delcatty
41%
Aucun quiz correspondant
Distribution des résultats
% des personnes avec chaque résultat
Percentile par nombre de réponses
Votre historique - résultats
Vous n’avez pas pris ce quiz